[Event "Africa zt 4.4 op"]
[Site "Antananarivo"]
[Date "2024.01.13"]
[Round "5"]
[White "Rakotomaharavo, Dylan"]
[Black "Andrianiaina, Heritiana"]
[Result "1-0"]
[WhiteElo "1993"]
[BlackElo "2157"]
[PlyCount "57"]
[EventDate "2024.01.11"]
[EventType "swiss"]
[EventRounds "9"]
[EventCountry "MAD"]
[SourceTitle "CB05_2024"]
[SourceDate "2024.01.31"]
[SourceVersion "1"]
[SourceVersionDate "2024.01.31"]
[SourceQuality "1"]

1. e4 e5 2. Nf3 Nc6 3. Bc4 Bc5 4. c3 Nf6 5. d4 exd4 6. b4 Be7 7. e5 Ne4 8. b5 Na5 9. Bd3 Nc5 10. cxd4 Nxd3+ 11. Qxd3 d5 12. exd6 cxd6 13. 0-0 d5 14. Re1 0-0 15. Ba3 Bxa3 16. Nxa3 Be6 17. Rac1 Nc4 18. Nxc4 dxc4 19. Qd2 a6 20. a4 axb5 21. axb5 Qb6 22. Qb4 Ra5 23. Re5 Rd8 24. Rc5 f6 25. h3 Raa8 26. Rd1 Qd6 27. d5 Ra4 28. Qxa4 Qxc5 29. dxe6 1-0

[Event "Olympiad-44"]
[Site "Chennai"]
[Date "2022.08.02"]
[Round "5.2"]
[White "Andrianiaina, Heritiana"]
[Black "Djukic, Nikola"]
[Result "0-1"]
[WhiteElo "2095"]
[BlackElo "2526"]
[PlyCount "132"]
[EventDate "2022.07.29"]
[EventType "team-swiss"]
[EventRounds "11"]
[EventCountry "IND"]
[SourceTitle "CBM 210"]
[Source "ChessBase"]
[SourceDate "2022.10.31"]
[SourceVersion "1"]
[SourceVersionDate "2022.10.31"]
[SourceQuality "1"]
[WhiteTeam "Madagascar"]
[BlackTeam "Montenegro"]
[WhiteTeamCountry "MAD"]
[BlackTeamCountry "MNE"]

1. d4 g6 2. c4 Bg7 3. Nf3 d6 4. Nc3 Nd7 5. e3 e5 6. Be2 Ngf6 7. 0-0 0-0 8. b3 Re8 9. dxe5 dxe5 10. Bb2 e4 11. Nd4 c6 12. Qc2 Qa5 13. Rfd1 Qg5 14. Bf1 h5 15. b4 h4 16. h3 Nf8 17. Kh1 Bd7 18. a3 Rad8 19. Rac1 Qe5 20. b5 Qc7 21. a4 g5 22. bxc6 bxc6 23. Nde2 Ng6 24. Ba3 Bf8 25. Bxf8 Kxf8 26. Qb2 Ne5 27. Qa3+ Kg7 28. Ng1 Qa5 29. Rd4 c5 30. Rd2 Be6 31. Rxd8 Rxd8 32. Qa1 Qc7 33. Nb5 Qb8 34. Rb1 a6 35. Nd4 Qd6 36. Nxe6+ Qxe6 37. Rd1 Rxd1 38. Qxd1 g4 39. Qc2 Qf5 40. hxg4 Nfxg4 41. Nh3 Nxe3 42. Qc1 N3g4 43. Kg1 Nd7 44. Be2 Nge5 45. Qe3 Nf6 46. Kf1 Nc6 47. Qf4 Qxf4 48. Nxf4 Nd4 49. Ke1 Nd7 50. Nd5 a5 51. Bf1 f5 52. Kd2 Ne5 53. Nb6 Kf7 54. g3 hxg3 55. fxg3 Kf6 56. Ke3 Kg5 57. Bh3 Ndf3 58. g4 Nxg4+ 59. Bxg4 Kxg4 60. Nd7 Ng5 61. Nxc5 f4+ 62. Kf2 e3+ 63. Ke2 Kg3 64. Nb3 Ne4 65. Nd4 Nc3+ 66. Kd3 Nxa4 0-1